000 00449nam a2200133Ia 4500
008 211109s9999||||xx |||||||||||||| ||und||
082 _a891.431
_bTIW-N
100 _aTiwari, Santhosh Kumar
245 0 _aNaye Kavi: Ek Adhyana
260 _bBharathiya Grantha Nekathan
_aNew Delhi
_c1991
630 _xgeneral stack
650 _aLiterature & rhetoric
_vLiteratures of other languages
_x East Indo-European & Celtic literaturesGeneralia
942 _cBOOK
999 _c53684
_d53684